000 01487pam a2200421 a 4500
001 3960181
003 OSt
005 20260408110442.0
008 940614s1995 cau b 000 0 eng
010 _a 94019800
020 _a0534247687
_qacid-free, recycled paper
020 _a9780534247683
_q(acid-free, recycled paper)
035 _a3960181
040 _aDLC
_cDLC
_dDLC
043 _an-us---
050 0 0 _aHN59.2
_b.R32 1995
082 0 0 _a305
_220
245 0 0 _aRace, class, and gender :
_ban anthology /
_c[compiled by] Margaret L. Andersen, Patricia Hill Collins.
250 _a2nd ed.
260 _aBelmont, Calif. :
_bWadsworth,
_cc1995.
300 _axxxii, 560 p. ;
_c24 cm.
336 _atext
_btxt
_2rdacontent
337 _aunmediated
_bn
_2rdamedia
338 _avolume
_bnc
_2rdacarrier
504 _aIncludes bibliographical references.
650 0 _aSocial classes
_zUnited States.
650 0 _aSex role
_zUnited States.
650 0 _aHomosexuality
_zUnited States.
650 0 _aDiscrimination
_zUnited States.
651 0 _aUnited States
_xSocial conditions
_y1980-2020.
651 0 _aUnited States
_xRace relations.
700 1 _aAndersen, Margaret L.
700 1 _aHill Collins, Patricia.
906 _a7
_bcbc
_corignew
_d1
_eocip
_f19
_gy-gencatlg
942 _2lcc
_cBK
999 _c266132
_d266131